The applicability of democratic principles and the mission of the university (Record no. 62584)
[ view plain ]
| 000 -CABECERA | |
|---|---|
| campo de control de longitud fija | 00640nam a2200229 a 4500 |
| 005 - FECHA Y HORA DE LA ÚLTIMA TRANSACCIÓN | |
| campo de control | 20210219152854.0 |
| 008 - ELEMENTOS DE LONGITUD FIJA--INFORMACIÓN GENERAL | |
| campo de control de longitud fija | 991125n 000 0 u |
| 035 ## - NÚMERO DE CONTROL DEL SISTEMA | |
| Número de control de sistema | UPN01000064525 |
| 100 1# - ASIENTO PRINCIPAL--NOMBRE PERSONAL | |
| Nombre de persona | Husen, Torsten, |
| Fechas asociadas al nombre | 1916- |
| 222 ## - TÍTULO CLAVE | |
| Título clave | INTERCHANGE |
| 245 ## - MENCIÓN DE TÍTULO | |
| Título | The applicability of democratic principles and the mission of the university |
| 300 ## - DESCRIPCIÓN FÍSICA | |
| Extensión | 11-18 |
| 362 0# - FECHAS DE PUBLICACIÓN Y/O DESIGNACIÓN SECUENCIAL | |
| Fecha de publicación y/o designación secuencial | 23, No. 1-2, 1992 |
| 505 0# - NOTA DE CONTENIDO CON FORMATO PREESTABLECIDO | |
| Nota de contenido con formato | Febrero 1993 |
| 653 0# - TERMINO DE INDIZACION - NO CONTROLADO | |
| Término no controlado | LIBERTAD ACADEMICA |
| 653 0# - TERMINO DE INDIZACION - NO CONTROLADO | |
| Término no controlado | LIBERTAD DE PALABRA |
| 653 0# - TERMINO DE INDIZACION - NO CONTROLADO | |
| Término no controlado | MISION INSTITUCIONAL |
| 653 0# - TERMINO DE INDIZACION - NO CONTROLADO | |
| Término no controlado | UNIVERSIDADES |
| 653 0# - TERMINO DE INDIZACION - NO CONTROLADO | |
| Término no controlado | VALORES DEMOCRATICOS |
| 904 ## - ELEMENTOS DE DATOS D LOCAL, LDD (RLIN) | |
| a | AC |
| b | 002336 |
| 905 ## - TIPO DE MATERIAL | |
| Tipo de material | Articulo |
No items available.
